| 000 -LEADER | |
|---|---|
| fixed length control field | 00420nam a22001697a 4500 |
| 020 ## - INTERNATIONAL STANDARD BOOK NUMBER | |
| ISBN | 0131010956 |
| 050 ## - LIBRARY OF CONGRESS CALL NUMBER | |
| Classification number | HF1017 |
| 100 ## - MAIN ENTRY--AUTHOR NAME | |
| Personal name | Groebner, David |
| 245 ## - TITLE STATEMENT | |
| Title | Business statistics |
| 250 ## - EDITION STATEMENT | |
| Edition statement | 6th edtiion |
| 260 ## - PUBLICATION, DISTRIBUTION, ETC. (IMPRINT) | |
| Place of publication | Upper Saddle River, New Jersey |
| Name of publisher | Pearson/Prentice Hall |
| Year of publication | 2005 |
| 300 ## - PHYSICAL DESCRIPTION | |
| Number of Pages | 593p. |
| Other physical details | v, ill |
| 700 ## - ADDED ENTRY--PERSONAL NAME | |
| Personal name | Shannon, Patrick W. |
| Personal name | Fry, Philip C. |
| Personal name | Smith, Kent D. |
| 942 ## - ADDED ENTRY ELEMENTS (KOHA) | |
| Koha item type | Books |
| Koha item type | Collection code | Shelving location | Accession Number | Permanent Location | Current Location | Date acquired | Full call number |
|---|---|---|---|---|---|---|---|
| Books | Reference | Reference | 1741 | Chapman Library | Chapman Library | 2016-01-19 | HF1017bus |

